[Event "London Classic 7th"]
[Site "London"]
[Date "2015.12.07"]
[Round "4"]
[White "Giri, Anish"]
[Black "Aronian, Levon"]
[Result "1/2-1/2"]
[WhiteElo "2778"]
[BlackElo "2781"]
[Annotator "Sagar Shah/CB Website"]
[PlyCount "65"]
[EventDate "2015.12.04"]
[EventType "tourn"]
[EventRounds "9"]
[EventCountry "ENG"]
[EventCategory "22"]
[SourceTitle "CBM 170"]
[Source "ChessBase"]
[SourceDate "2016.01.15"]
[SourceVersion "1"]
[SourceVersionDate "2016.01.15"]
[SourceQuality "1"]

1. c4 Nf6 2. Nc3 e5 3. g3 Bb4 4. Bg2 O-O 5. e4 Bxc3 6. bxc3 Re8 {Anish had
used this move against Mamedyarov at the Qatar Masters 2014 and had won the
game. As Giri said in the press conference: I had used this move so it cannot
be bad! But I didn't really remember the analysis.} (6... c6 {was played by
Anand against Giri.}) 7. d3 c6 8. Nf3 (8. Ne2 {was played by Mamedyarov which
wasn't a great move.} d5 {Black already was completely fine.}) 8... d5 $1 {
At the post game conference, Jan Gustaffson asked Aronian a very basic
question: "I was taught since childhood that when your opponent has two
bishops you shouldn't open the position. Then Why does Black play d5 here?"
Aronian understood that Jan was asking this question for the benefit of the
audience and explained it with the following remark. Asssume that the knight
is on e2 instead of f3. Now if Black plays d6 then White would simply 0-0 and
then launch an attack with f4 which would be very strong. Hence opening the
position with d5 is a necessity and not a luxury. Besides Black is ahead in
development and must exploit it.} 9. cxd5 cxd5 10. exd5 Nxd5 11. Qc2 Qc7 12.
O-O Qxc3 13. Qxc3 Nxc3 14. Bb2 Na4 15. Bxe5 Nc6 {Black has a very comfortable
position out of the opening and even though the players played 20 more moves
the result of the game was never really in doubt.} 16. Rfe1 Nb6 17. Bc7 Rxe1+
18. Rxe1 Be6 19. Ne5 Rc8 20. Bxb6 Nxe5 21. Bxa7 Nxd3 22. Rd1 Nb2 23. Ra1 b5 24.
a3 h6 25. Bd4 Nc4 26. h4 Bd7 27. Kh2 Bc6 28. Bc3 Bxg2 29. Kxg2 Ne3+ 30. fxe3
Rxc3 31. Kf3 h5 32. Rb1 Rxa3 33. Rxb5 1/2-1/2

[Event "Paris GCT rapid"]
[Site "Paris"]
[Date "2016.06.09"]
[Round "2"]
[White "Aronian, Levon"]
[Black "Fressinet, Laurent"]
[Result "1-0"]
[WhiteElo "2792"]
[BlackElo "2687"]
[Annotator "Marin,M"]
[PlyCount "97"]
[EventDate "2016.06.09"]
[EventType "tourn (rapid)"]
[EventRounds "9"]
[EventCountry "FRA"]
[EventCategory "22"]
[SourceTitle "CBM 173"]
[Source "ChessBase"]
[SourceDate "2016.07.12"]
[SourceVersion "1"]
[SourceVersionDate "2016.07.12"]
[SourceQuality "1"]

1. c4 e5 2. g3 Nf6 3. Bg2 d5 4. cxd5 Nxd5 5. Nf3 Nc6 6. O-O {This slightly
unusual move order, based on delaying the queen's knight's development, aims
at offering White more flexibility. Concretely, if Black leaves the knight on
d5 White could speed up d2-d4 while after a retreat to b6 he could deviate
from the usual way of developing.} Be7 ({Traditionally, the most reliable
continuation was supposed to be} 6... Nb6 {but the folloing recent game
managed to cast some doubt on it.} 7. b3 ({Previously White mainly tried} 7. d3
Be7 8. Nbd2 {without any particular success as for instance in Portisch,L 
(2533)-Almasi,Z (2646) Szekesfehervar 2006 CBM 112 [Ribli] (0-1, 42)}) 7... Be7
8. Bb2 f6 9. d4 e4 10. Ne1 f5 11. f3 $36 {Nakamura,H (2802)-Hammer,J (2677)
Stavanger 2015 CBM 167 [Sagar Shah] (1-0, 53)}) 7. d4 e4 {The most consistent
answer.} (7... exd4 8. Nxd4 Nxd4 9. Qxd4 {offers White the initiative. A
recent game went} Nf6 10. Qxd8+ ({actually,} 10. Qa4+ {may be even more
effective:} c6 11. Rd1 Bd7 12. Bg5 $36 {Movsesian,S (2699)-Bryzgalin,K (2470)
Pardubice 2013 (1-0, 35)}) 10... Bxd8 11. Nc3 {This does not look too
theatening.} (11. Nd2 $5 $146 c6 12. Nc4 Bc7 13. Rd1 $14 {[%cal Gc4d6] gaining
the bishop pair.}) 11... O-O 12. Bf4 c6 13. Rad1 Be6 14. Bd6 Re8 15. e4 Bb6 16.
h3 Rad8 17. b3 Rd7 $11 18. e5 $6 (18. Bf4 $11) 18... Red8 19. Kh2 Ne8 $15 {
Kjartansson,G (2457)-Beliavsky,A (2624) Gjakova 2016 (0-1, 32). Black has
regrouped perfectly and will soon take the control over the only open file.})
8. Ne5 f5 {The only reasonable way of defending the e4-pawn.} ({Every now and
then Black falls into the trap} 8... Nxe5 9. dxe5 Bf5 10. Bxe4 $1 Bxe4 11. Qa4+
Qd7 12. Qxe4 {Chiburdanidze,M (2505)-Wang,P (2345) Shanghai 1992 (½-½, 40),
saw it played for the first time.}) 9. Nxc6 bxc6 10. Qc2 Qd7 11. Nc3 O-O {
Black has consolidated his space advantage and maintains a safe blockade on d5,
but in the process he has spoiled his queenside structure. White's chances for
a slight advantage depend on the possibility of activating his g2-bishop.} 12.
Re1 $146 {A rather mysterious move. I imagine that Aronian hoped to open the
e-file with f2-f3 and after ...exf3 either exf3 or Bxf3 followed by e2-e4.
Even though I know Aronian works out his plans deeply, my feeling is that the
last move is an early commitment. It is too early to know where it would be
best to place the rook.} (12. Nxd5 cxd5 13. Bf4 Ba6 14. Rfc1 Rac8 15. e3 c5 $36
{Wang,H (2718)-Karjakin,S (2788) Ningbo 2011 CBM 144 [Marin,M] (1-0, 44)}) (12.
f3 $5 $146) 12... Nb4 {Apparently the main psychological merit of Aronian's
novelty is hypotising his opponent into playing for a knight fork on c2.} (
12... Rb8 $5 13. f3 c5 $5 {After the rook evacuated the dangerous long
diagonal this counterblow looks entirely playable.}) (12... Bf6 $5 {may well
force} 13. Rd1 {but the tempo gain is relative since the bishop stands better
on the a3-f8 diagonal, by figthing against the blockade on c5.}) 13. Qa4 Kh8 {
One of those neutral moves which actually worsens Black's coordination.} (13...
Qe6 $6 14. f3 exf3 15. Bxf3 {leaves the queen exposed.}) ({But Black could
have tried} 13... c5 $5 {without fearing the check} 14. Qb3+ {[%cal Gd4c5]} Qe6
15. d5 Qf7 16. a3 Nc6 17. Qd1 $5 (17. Qa2 Nd4) 17... Rd8 $1 (17... Nd4 18. e3 {
[%csl Gf3]} Nf3+ 19. Bxf3 exf3 20. Qxf3 $14) 18. Bd2 Ne5 $132) 14. Bf4 c5 $6 {
Consequently playing for winning the exchange but underestimating White's
compensation.} (14... Rb8 15. Rab1 (15. Qxa7 Ba6 {[%cal Gb4c2]}) 15... Rb7 16.
Be5 Bd6 17. a3 Nd5 18. Qc2 Qe7 19. Na4 $14 {[%csl Rb7,Gc5,Gc6]}) 15. Qxd7 Bxd7
16. dxc5 Nc2 (16... Bxc5 {offers White the nitiative for nothing:} 17. Rac1 {
[%csl Gc7][%cal Gc3e4]} Bb6 (17... Bd6 18. Bxd6 cxd6 19. a3 Nc6 20. Red1 $16)
18. a3 $16 {[%cal Ge1d1,Gc3d5]}) 17. Red1 $1 {Even though this loses a tempo,
it is the right way to give up the exchange.} (17. Rad1 $2 Nxe1 18. Rxd7 Nxg2 {
[%cal Gg2f4]} 19. Kxg2 Bxc5 20. Be5 Rfd8 21. Rxg7 Bd4 22. Bxd4 Rxd4 $13) 17...
Nxa1 18. Rxd7 Bxc5 19. Be5 {We can now see the negative effects of ...Kg8-h8.
With the king on g8 Black could have defended the seventh rank with 19...Rf7.}
Rg8 (19... Rfd8 20. Rxg7 Bd4 21. Bxd4 Rxd4 22. Rf7 {The difference with
respect to the line above s that the g2-bishop endangers the central pawns
while the black knight is "in offside".} Re8 23. Rxf5 e3 24. fxe3 Rxe3 25. Rf7
Rc4 $2 26. Nd5 $18 {[%cal Gd5f6]}) 20. Rxc7 Bb6 21. Rf7 $16 {White will soon
have three pawns for the exchange.} Rad8 (21... Raf8 $2 22. Bxg7+ $1 $18) 22.
Rxf5 Rgf8 23. Rxf8+ Rxf8 24. e3 Re8 25. Bd6 Rd8 26. Nxe4 {Black does not have
effective ways of activating his rook, making his position very difficult.} Nc2
(26... Rc8 27. h4 Rc2 28. Be5 $16) 27. Kf1 Rc8 28. Ke2 Nxe3 {Desperation.
Fressinet must have feared that the knight would be trapped anyway.} (28... Kg8
29. Kd1 Bxe3 30. Bh3 Re8 31. Kxc2 $18) 29. fxe3 Rc2+ 30. Nd2 Rxb2 31. Be5 (31.
Bd5 $2 Ba5 $1) 31... Rxa2 32. Bd5 {White has a material advantage and his
bishops dominate the whole board. It is instructive to follow Aronian's way of
using the perfect coordination of his pieces until the very end..} Ra3 33. e4
Re3+ 34. Kd1 Rd3 35. Bc4 {A nice way of expelling the intruder.} Rd8 36. Bd5 h6
37. Nc4 Bg1 38. h3 Bc5 39. Ke2 Bb4 40. Bd4 a5 41. Bb6 Rc8 42. Nxa5 Rc2+ 43. Kf3
Rc3+ 44. Kf4 g5+ 45. Kg4 h5+ 46. Kxh5 Rxg3 47. Kg6 {[%cal Gb6d4] Black's
attempts to exchange as many pawns as possible have offered White a mating
attack without major pieces!} Bc3 48. Be6 Rf3 49. Bf5 {[%csl Ge4,Rg5,Gh3]} 1-0

[Event "London Classic 8th"]
[Site "London"]
[Date "2016.12.15"]
[Round "6"]
[White "Vachier Lagrave, Maxime"]
[Black "Aronian, Levon"]
[Result "1-0"]
[WhiteElo "2804"]
[BlackElo "2785"]
[Annotator "Roiz,M"]
[PlyCount "81"]
[EventDate "2016.12.09"]
[EventType "tourn"]
[EventRounds "9"]
[EventCountry "ENG"]
[EventCategory "22"]
[SourceTitle "CBM 176"]
[Source "ChessBase"]
[SourceDate "2017.01.17"]
[SourceVersion "1"]
[SourceVersionDate "2017.01.17"]
[SourceQuality "1"]

1. e4 e5 2. Nf3 Nc6 3. Bc4 {This time Maxime deviates from his main weapon the
Ruy Lopez and goes for another fashionable opening.} Bc5 4. O-O Nf6 5. d3 O-O
6. a4 ({I guess, the more popular} 6. c3 {would be met by} d5 {which is the
most aggressive and suits Levon's style.}) 6... a5 7. c3 d5 {Still, the same
approach!} ({The more modest} 7... d6 8. Bg5 h6 9. Bh4 g5 10. Bg3 {also leads
to a very complex struggle. In the following recent game White got a better
position after} Bg4 11. h3 Bh5 12. Nbd2 Bg6 13. Bb3 Nh5 14. Bh2 Qf6 15. Nc4 Nf4
16. Ne3 $14 {Cornette,M (2597)-Hector,J (2488) London ENG 2016}) 8. exd5 Nxd5 {
The e5-pawn is a cause of problems, so Black should be careful now.} 9. Re1 Bg4
10. Nbd2 (10. h3 {hardly has any independent significance, since} Bh5 11. Nbd2
Nb6 12. Bb5 Bd6 {might transpose to the text.}) 10... Nb6 11. Bb5 Bd6 12. h3 ({
In his previous encounter in this line Levon didn't manage to fully solve his
problems after} 12. Ne4 Na7 13. h3 Bh5 14. d4 Nxb5 15. axb5 exd4 16. Nxd6 Bxf3
17. Qxf3 Qxd6 18. Rd1 Rfe8 19. Bf4 Qc5 20. Qxb7 dxc3 21. bxc3 $14 {Giri,A 
(2782)-Aronian,L (2792) Leuven BEL 2016}) 12... Bh5 13. Ne4 f5 $1 $146 {
This ambitious advance is an important novelty.} (13... Ne7 {is too passive:}
14. d4 exd4 15. g4 Bg6 16. Nxd6 Qxd6 17. Qxd4 $14 {Anand,V (2770)-So,W (2770)
Leuven BEL 2016}) (13... Na7 {would transpose to a position from the
above-mentioned note.}) 14. Ng3 (14. Bg5 {was interesting, but hardly after}
Qe8 15. Qb3+ Kh8 16. Nxd6 cxd6 17. Nd2 Bf7 18. Nc4 Nxc4 19. dxc4 Qe6 $132 {
White can be better wish such a weird placement of pieces.}) 14... Bxf3 15.
Qxf3 {Exchanging the powerful bishop and avoiding the pin of the f3-knight is
White's indisputable achievement, but...} Ne7 $1 {It turns out, that the
b5-bishop is misplaced.} 16. Bg5 $2 ({Grabbing the pawn -} 16. Qxb7 $1 {
looks scary for a human eye, but it is what Maxime should have played. The
resulting complex lines are spectacular:} Rb8 17. Qf3 c6 $1 18. Bxc6 e4 19.
dxe4 Nxc6 20. exf5 (20. Nxf5 Qf6 $132) 20... Ne5 21. Qe2 Qc7 $132) 16... c6 17.
Bc4+ Nxc4 18. dxc4 e4 {Now Black has a clear advantage due to a better pawn
structure.} 19. Nxe4 {A desperate attempt to complicate matters.} ({After} 19.
Qh5 Qd7 20. Rad1 Qe6 21. Be3 Rae8 $17 {Black would be firmly in control.})
19... fxe4 20. Qxe4 Rf7 $2 {Luckily for Maxime, his opponent doesn't manage to
handle this complex position properly.} ({Possibly, Levon had rejected} 20...
Qd7 $1 {in view of} 21. c5 (21. Bxe7 Rfe8 $19) 21... Bxc5 22. Bxe7 Bxf2+ 23.
Kh2 Bxe1 24. Bxf8 {, but in this line Black still can gain the pawn:} Bxc3 $1
25. Qc4+ Qf7 26. Qxc3 Qc7+ 27. Kh1 Rxf8 $17) 21. Rad1 Qc7 22. Rxd6 Qxd6 23.
Bxe7 Qd2 {It looks like GM Aronian was still in an aggressive mood.} (23... Qf4
{was quieter, liquidating into an equal endgame:} 24. Bc5 Qxe4 25. Rxe4 Rd7 26.
g4 $11) 24. Bc5 h6 ({After} 24... Qxb2 {White can force a draw by means of:}
25. Qe8+ Rf8 26. Qe6+ Rf7 27. Qe8+ $11) 25. Qe2 Rd8 26. Bd4 Qg5 27. Qg4 (27.
Qe6 $5) 27... Re7 28. Rxe7 Qxe7 {The resulting position is equal, but it
contains definite danger for both players.} 29. Qf5 Re8 {Levon is ready to
give up another pawn in order to activate the rook.} (29... Qc7 $11) 30. Qxa5
Qf7 31. Kh2 Qf4+ 32. g3 Qf7 33. Kg2 Re1 (33... Qxc4 {was safer:} 34. Be3 Qe4+
35. Kh2 $11) 34. g4 Rd1 $2 {Alas, this inaccurate move leads to disaster.} (
34... Kh7 35. b4 Ra1 36. Qe5 Rxa4 $11) 35. Qe5 $1 {White's pieces are
dominating over the board now, so the passers should decide the game.} Qg6 36.
b4 b6 {Desperation.} ({The most stubborn was} 36... h5 37. g5 h4 38. a5 Ra1 39.
Qb8+ Kh7 40. Qf4 {, but even then White should be able to convert the material
advantage into a full point.}) 37. Bxb6 c5 38. Bxc5 Qc6+ 39. f3 Rd3 40. Qb8+
Kh7 41. Qf4 1-0

[Event "Tata Steel-A 79th"]
[Site "Wijk aan Zee"]
[Date "2017.01.14"]
[Round "1"]
[White "Harikrishna, Pentala"]
[Black "Aronian, Levon"]
[Result "1/2-1/2"]
[WhiteElo "2766"]
[BlackElo "2780"]
[PlyCount "97"]
[EventDate "2017.01.14"]
[EventType "tourn"]
[EventRounds "13"]
[EventCountry "NED"]
[EventCategory "21"]
[SourceTitle "CBM 177"]
[Source "ChessBase"]
[SourceDate "2017.03.16"]
[SourceVersion "1"]
[SourceVersionDate "2017.03.16"]
[SourceQuality "1"]
[TimeControl "40/6000+30:20/3000+30:900+30"]

1. e4 {[%emt 0:00:00]} e5 {[%emt 0:00:04]} 2. Nf3 {[%emt 0:00:00]} Nc6 {
[%emt 0:00:05]} 3. Bb5 {[%emt 0:00:00]} a6 {[%emt 0:00:05]} 4. Ba4 {[%emt 0:00:
00]} Nf6 {[%emt 0:00:06]} 5. O-O {[%emt 0:00:00]} Be7 {[%emt 0:00:09]} 6. Re1 {
[%emt 0:00:07]} b5 {[%emt 0:00:05]} 7. Bb3 {[%emt 0:00:07]} O-O {[%emt 0:00:06]
} 8. c3 {[%emt 0:00:35]} d5 {[%emt 0:00:06]} 9. exd5 {[%emt 0:00:05]} Nxd5 {
[%emt 0:00:04]} 10. Nxe5 {[%emt 0:00:12]} Nxe5 {[%emt 0:00:06]} 11. Rxe5 {
[%emt 0:00:16]} c6 {[%emt 0:00:05]} 12. d3 {[%emt 0:00:38]} Bd6 {[%emt 0:00:06]
} 13. Re1 {[%emt 0:00:07]} Bf5 {[%emt 0:00:07]} 14. Qf3 {[%emt 0:01:28]} Qh4 {
[%emt 0:00:34]} 15. g3 {[%emt 0:00:39]} Qh3 {[%emt 0:00:05]} 16. Be3 {[%emt 0:
02:27]} Bxd3 {[%emt 0:00:21]} 17. Nd2 {[%emt 0:14:02]} Qf5 {[%emt 0:00:21]} 18.
Bd4 {[%emt 0:01:01]} Rfe8 {[%emt 0:00:20]} 19. a4 {[%emt 0:04:00]} h6 {[%emt 0:
00:22]} 20. Kg2 {[%emt 0:00:08]} Qxf3+ {[%emt 0:00:06]} 21. Nxf3 {[%emt 0:00:
07]} Bf5 $146 {[%emt 0:03:27]} (21... Rac8 22. axb5 axb5 23. Ne5 Bxe5 24. Rxe5
Rxe5 25. Bxe5 Re8 26. Bd4 Re2 27. Bxd5 cxd5 28. b4 h5 29. Kf3 Re4 30. h4 Kh7
31. Ra7 Kg6 32. Ra6+ Kh7 33. Ra7 Kg6 34. Ra6+ Kh7 {1/2-1/2 (34) Kokarev,D 
(2636)-Tomashevsky,E (2724) Novosibirsk 2016}) 22. Be5 {[%emt 0:10:44]} Bc5 {
[%emt 0:00:50]} 23. Nd4 {[%emt 0:00:43]} Bd7 {[%emt 0:00:46]} 24. axb5 {
[%emt 0:18:38]} axb5 {[%emt 0:00:09]} 25. Rxa8 {[%emt 0:01:33]} Rxa8 {[%emt 0:
00:08]} 26. Nxb5 {[%emt 0:07:40]} Be6 {[%emt 0:00:09]} 27. Nd4 {[%emt 0:04:33]}
Bxd4 {[%emt 0:00:05]} 28. Bxd4 {[%emt 0:01:05]} Nf4+ {[%emt 0:00:10]} 29. gxf4
{[%emt 0:03:01]} Bxb3 {[%emt 0:00:06]} 30. Kg3 {[%emt 0:02:00]} f6 {[%emt 0:01:
54]} 31. h4 {[%emt 0:06:00]} h5 {[%emt 0:03:29]} 32. Bc5 {[%emt 0:02:42]} Rd8 {
[%emt 0:01:43]} 33. Bd4 {[%emt 0:00:28]} Ra8 {[%emt 0:00:17]} 34. f3 {[%emt 0:
01:07]} Ra2 {[%emt 0:04:40]} 35. Re8+ {[%emt 0:02:14]} Kh7 {[%emt 0:00:21]} 36.
Re7 {[%emt 0:05:50]} Kg8 {[%emt 0:00:52]} 37. Re2 {[%emt 0:02:11]} Kh7 {
[%emt 0:02:49]} 38. Re7 {[%emt 0:10:36]} Kg8 {[%emt 0:00:14]} 39. Rb7 {[%emt 0:
03:36]} Rxb2 {[%emt 0:01:03]} 40. Rb6 {[%emt 0:00:00]} Kh7 {[%emt 0:03:08]} 41.
Rxc6 {[%emt 0:07:50]} Rd2 {[%emt 0:01:50]} 42. Rc5 {[%emt 0:03:00]} Kg6 {
[%emt 0:00:56]} 43. f5+ {[%emt 0:01:41]} Kh7 {[%emt 0:00:18]} 44. Rc7 {[%emt 0:
00:54]} Kg8 {[%emt 0:00:05]} 45. Rc8+ {[%emt 0:00:34]} Kh7 {[%emt 0:00:06]} 46.
Rd8 {[%emt 0:01:26]} Rc2 {[%emt 0:01:29]} 47. Rd7 {[%emt 0:01:02]} Kg8 {
[%emt 0:00:13]} 48. Rd8+ {[%emt 0:00:04]} Kh7 {[%emt 0:00:04]} 49. Rd7 1/2-1/2

[Event "Tata Steel-A 79th"]
[Site "Wijk aan Zee"]
[Date "2017.01.15"]
[Round "2"]
[White "Aronian, Levon"]
[Black "Wei, Yi"]
[Result "1/2-1/2"]
[WhiteElo "2780"]
[BlackElo "2706"]
[PlyCount "70"]
[EventDate "2017.01.14"]
[EventType "tourn"]
[EventRounds "13"]
[EventCountry "NED"]
[EventCategory "21"]
[SourceTitle "CBM 177"]
[Source "ChessBase"]
[SourceDate "2017.03.16"]
[SourceVersion "1"]
[SourceVersionDate "2017.03.16"]
[SourceQuality "1"]
[TimeControl "40/6000+30:20/3000+30:900+30"]

1. Nf3 {[%emt 0:00:00]} d5 {[%emt 0:00:14]} 2. d4 {[%emt 0:00:00]} Nf6 {
[%emt 0:00:08]} 3. c4 {[%emt 0:00:00]} e6 {[%emt 0:00:08]} 4. g3 {[%emt 0:00:
00]} Bb4+ {[%emt 0:00:52]} 5. Bd2 {[%emt 0:00:00]} Be7 {[%emt 0:00:07]} 6. Bg2
{[%emt 0:00:00]} O-O {[%emt 0:00:11]} 7. O-O {[%emt 0:00:00]} Nbd7 {[%emt 0:00:
15]} 8. a4 {[%emt 0:00:05]} a5 {[%emt 0:14:41]} 9. Qc2 {[%emt 0:00:06]} c6 {
[%emt 0:02:48]} 10. Rc1 {[%emt 0:00:28]} Ne4 {[%emt 0:01:55]} 11. Be3 $146 {
[%emt 0:00:43]} (11. Be1 f5 12. Nbd2 Bd6 13. e3 Ra7 14. Qd1 b6 15. cxd5 cxd5
16. Nb1 Ba6 17. Na3 Qa8 18. Nb5 Bxb5 19. axb5 Rc8 20. Bf1 Rxc1 21. Rxc1 Rc7 22.
Rxc7 Bxc7 23. Qa4 Qb8 24. b4 axb4 25. Bxb4 h6 26. Qc2 Bd6 27. Qc6 Ndf6 28. Bxd6
Qxd6 29. Qc8+ Kh7 30. Ne5 Qe7 31. Qc6 Ng4 32. Nxg4 fxg4 33. Bd3 g6 34. Bxe4
dxe4 35. Qxb6 {1-0 (35) Carlsen,M (2851)-Eljanov,P (2765) Stavanger 2016})
11... f5 {[%emt 0:09:56]} 12. Nc3 {[%emt 0:02:06]} Bd6 {[%emt 0:01:08]} 13. Rd1
{[%emt 0:05:23]} Qe7 {[%emt 0:02:33]} 14. Rac1 {[%emt 0:11:31]} Ndf6 {[%emt 0:
05:05]} 15. Ne5 {[%emt 0:01:17]} Bxe5 {[%emt 0:07:09]} 16. dxe5 {[%emt 0:00:07]
} Ng4 {[%emt 0:00:07]} 17. Bd4 {[%emt 0:00:21]} c5 {[%emt 0:02:07]} 18. Nxe4 {
[%emt 0:00:06]} dxe4 {[%emt 0:25:42]} 19. Bc3 {[%emt 0:00:03]} Ra6 {[%emt 0:00:
51]} 20. h3 {[%emt 0:06:39]} Nh6 {[%emt 0:00:08]} 21. Qd2 {[%emt 0:00:22]} Nf7
{[%emt 0:04:47]} 22. f3 {[%emt 0:01:22]} exf3 {[%emt 0:00:15]} 23. exf3 {
[%emt 0:00:04]} b6 {[%emt 0:00:09]} 24. f4 {[%emt 0:04:56]} Ra7 {[%emt 0:00:36]
} 25. b3 {[%emt 0:05:10]} Rd7 {[%emt 0:05:13]} 26. Qe2 {[%emt 0:00:42]} Bb7 {
[%emt 0:00:13]} 27. Rxd7 {[%emt 0:01:42]} Qxd7 {[%emt 0:00:06]} 28. Rd1 {
[%emt 0:00:04]} Qe7 {[%emt 0:00:20]} 29. Bxb7 {[%emt 0:01:23]} Qxb7 {[%emt 0:
00:07]} 30. Kf2 {[%emt 0:04:12]} Rd8 {[%emt 0:06:19]} 31. Rxd8+ {[%emt 0:00:23]
} Nxd8 {[%emt 0:00:06]} 32. Qd3 {[%emt 0:00:02]} Nf7 {[%emt 0:00:27]} 33. g4 {
[%emt 0:00:12]} Nh6 {[%emt 0:07:38]} 34. g5 {[%emt 0:02:20]} Nf7 {[%emt 0:00:
08]} 35. h4 {[%emt 0:00:58]} g6 1/2-1/2